A critical survey of Islamization of knowledge

Bibliographic Details
Main Author: Mohamed Aslam Haneef
Format: Book
Published: Kuala Lumpur : Card Information , 2005
Subjects:

MARC

LEADER 00000cam a2200000 7i4500
001 0000017726
005 20080716.0
008 080529
020 |a 9832957729 
090 0 0 |a 370.917671   |b MOH 
100 0 |a Mohamed Aslam Haneef 
245 1 2 |a A critical survey of Islamization of knowledge   |c Mohamed Aslam Haneef 
260 |a Kuala Lumpur :   |b Card Information ,   |c 2005 
500 |a Include index 
650 0 |a Islamic education   |x philosophy 
650 0 |a Islamic learning scholarship   |x philosophy 
999 |a 0000952610   |b Book   |c Adult Collection   |e Cawangan Pontian 
999 |a 0001010048   |b Book   |c Adult Collection   |e Perbadanan Perpustakaan Awam Johor 
999 |a 0001028000   |b Book   |c Adult Collection   |e Perbadanan Perpustakaan Awam Johor 
999 |a 0001028001   |b Book   |c Adult Collection   |e Perbadanan Perpustakaan Awam Johor